000 00984nam a22002777a 4500
999 _c933
_d933
001 000224
003 CoMeUDC000224
005 20190122001754.0
008 011116s2001 ck bd 000 0 spa
010 _a 2001447299
020 _a9589289126
040 _aDLC
_cCoMeUDC
050 0 0 _aPC4460
_b.S57 2001
082 _a468.1
_bS486n
100 1 _aSerna M., J. Alberto.
245 1 0 _aNo diga--, diga, No escriba--, escriba, Diga--, o, diga /
_cJ. Alberto Serna M.
246 1 4 _aNo diga--, diga
246 0 _iCover subtitle:
_aCorección de numerosos gazapos del lenguaje que se cometen en la vida
260 _aBogotá, D.C., Colombia :
_bEditorial Idioma,
_c2001.
300 _a306 p. ;
_c23 cm.
504 _aIncludes bibliographical references (p. 305-306).
650 0 _aLengua española.
_xErrores de uso
_vDictionaries.
_91278
906 _a7
_bcbc
_corignew
_d3
_encip
_f20
_gy-gencatlg
942 _2ddc
_cBK